000 01132nam a2200241Ia 4500
001 282.080 92-BIF in fi (20827)
003 IT-MiSPE
008 171229s9999||||xx |||||||||||||| ||und||
040 _aIT-MiSPE
_cIT-MiSPE
041 _aITALIANO
100 _aInos Biffi
245 0 _aFigure e vicende della Chiesa ambrosiana
_bBallerini, Nazari di Calabiana, Ferrari, Ratti, Tosi, Schuster, Montini e Newman
250 _a1a ed. (v)
260 _aMilano
_bNED
_c2001
300 _a453 p.
_c21 cm
500 _aAmbrosiana, Chiesa
501 _aEdizioni San Paolo srl - Piazza Soncino, 5 - 20092 CINISELLO BALSAMO (MI) (non commercial uses only) ® Copyright 2018
520 _aAntonio Rimoldi (pres.). Tav.
700 _aAntonio Rimoldi
942 _cBK
957 _71
999 _a9388
_bNO
_g Copie: 1
_c348745
_d348745